000 00283nam a22001217a 4500
008 170830b xxu||||| |||| 00| 0 eng d
041 _aeng
080 _a070
100 _a40
101 _aMED
245 _aHANDBOOK OF INTERPERSONAL COMMUNICATION
_cKNAPP.M.L
942 _2udc
_cBK
999 _c25633
_d25633